| 000 | 00462nam a2200133Ia 4500 | ||
|---|---|---|---|
| 008 | 170516s9999 xx 000 0 und d | ||
| 245 | _aDual-energy CT in gout – A review of current concepts and applications (pages 41–51) | ||
| 260 | _bJournal of Medical Radiation Sciences | ||
| 260 | _c2017 | ||
| 300 | _a64:1 | ||
| 650 | _xRadiologic Technology | ||
| 650 | _xRadtech | ||
| 856 | _uhttp://onlinelibrary.wiley.com/doi/10.1002/jmrs.2017.64.issue-1/issuetoc | ||
| 999 |
_c332369 _d332369 |
||